[Event "DEM U12 2012"]
[Site "Oberhof GER"]
[Date "2012.05.31"]
[Round "8"]
[White "Martin, Julian"]
[Black "Gungl, Theo"]
[Result "1/2-1/2"]
[Termination "normal"]
[Board "1"]
[WhiteElo "1627"]
[BlackElo "1818"]
[PlyCount "69"]
[WhiteFideId "12941000"]
[BlackFideId "24695653"]
[EventCountry "GER"]
[EventRounds "11"]
[EventType "swiss"]
[EventDate "2012.05.26"]

1. e4 c6 2. c4 d5 3. exd5 cxd5 4. cxd5 Nf6 5. Nc3 Nbd7 6. Nf3 a6 7. d4 Nb6 8.
Bd3 Nbxd5 9. h3 g6 10. O-O Bg7 11. Ne5 O-O 12. Nxd5 Nxd5 13. Be4 e6 14. Qf3 Ra7
15. Rd1 Qd6 16. Nc4 Qc7 17. Bxd5 exd5 18. Ne3 Rd8 19. Nxd5 Qd6 20. Re1 Be6 21.
Nf6+ Kh8 22. Ne4 Qc6 23. Bg5 Rf8 24. Bf6 Bd5 25. Rac1 Bxe4 26. Bxg7+ Kxg7 27.
Qxe4 Qxe4 28. Rxe4 b5 29. Kf1 Rd8 30. Ke2 Rd6 31. Rd1 Rad7 32. Ke3 Kf6 33. f4
Rc7 34. Rd2 Rc1 35. a3 1/2-1/2

[Event "DEM U12 2012"]
[Site "Oberhof GER"]
[Date "2012.05.31"]
[Round "8"]
[White "Vogel, Roven"]
[Black "Dürr, Florian"]
[Result "1/2-1/2"]
[Termination "normal"]
[Board "2"]
[WhiteElo "1944"]
[BlackElo "1934"]
[PlyCount "80"]
[WhiteFideId "12908088"]
[BlackFideId "24659134"]
[EventCountry "GER"]
[EventRounds "11"]
[EventType "swiss"]
[EventDate "2012.05.26"]

1. c4 Nf6 2. g3 g6 3. Nc3 c5 4. Bg2 Nc6 5. d3 Bg7 6. e4 a6 7. Nge2 Rb8 8. a4
O-O 9. O-O d6 10. h3 Ne8 11. f4 e6 12. Be3 Nd4 13. Ra2 Bd7 14. Kh2 Nc7 15. Bxd4
cxd4 16. Nb1 b5 17. cxb5 axb5 18. a5 Na6 19. Nd2 Qc7 20. Nb3 e5 21. Qd2 Be6 22.
Nec1 Rfc8 23. Rf2 Qa7 24. Ra1 Bh6 25. Bf3 Rc7 26. Bg4 Rbc8 27. Bd1 f6 28. Qe1
Kg7 29. Kg2 Rc6 30. Rb1 Qd7 31. h4 d5 32. Na2 dxe4 33. dxe4 Qd6 34. Qd2 R6c7
35. Rc1 Rxc1 36. Naxc1 Bc4 37. Nd3 Qc6 38. Nbc1 Rc7 39. Bf3 Nc5 40. Nxc5 Qxc5
1/2-1/2

[Event "DEM U12 2012"]
[Site "Oberhof GER"]
[Date "2012.05.31"]
[Round "8"]
[White "Lagunow, Raphael"]
[Black "Baberz, Alexander"]
[Result "1-0"]
[Termination "normal"]
[Board "3"]
[WhiteElo "1860"]
[BlackElo "1815"]
[PlyCount "37"]
[WhiteFideId "24652644"]
[BlackFideId "12921734"]
[EventCountry "GER"]
[EventRounds "11"]
[EventType "swiss"]
[EventDate "2012.05.26"]

1. e4 e5 2. Nf3 Nc6 3. Bc4 Bc5 4. b4 Bxb4 5. c3 Be7 6. d4 Na5 7. Nxe5 Nxc4 8.
Nxc4 d5 9. exd5 Qxd5 10. Ne3 Qa5 11. O-O Nf6 12. Bd2 O-O 13. c4 Qh5 14. Nd5
Qxd1 15. Nxe7+ Kh8 16. Rxd1 Be6 17. Nd5 Nxd5 18. cxd5 Bxd5 19. Nc3 1-0

[Event "DEM U12 2012"]
[Site "Oberhof GER"]
[Date "2012.05.31"]
[Round "8"]
[White "Kitze, Alexander"]
[Black "Graf, Clara Victoria"]
[Result "1/2-1/2"]
[Termination "normal"]
[Board "4"]
[WhiteElo "1811"]
[BlackElo "1727"]
[PlyCount "78"]
[WhiteFideId "12914827"]
[BlackFideId "1270339"]
[EventCountry "GER"]
[EventRounds "11"]
[EventType "swiss"]
[EventDate "2012.05.26"]

1. e4 c5 2. Nf3 Nc6 3. d4 cxd4 4. Nxd4 g6 5. Nc3 Bg7 6. Be3 Nf6 7. Bc4 Qa5 8.
O-O O-O 9. Nb3 Qc7 10. Bg5 d6 11. Bxf6 Bxf6 12. Nd5 Qd8 13. Nxf6+ exf6 14. Bd5
Be6 15. Qd2 Qe7 16. Rad1 Rfd8 17. Rfe1 Rac8 18. f4 Bg4 19. Rc1 Be6 20. Re3 Qc7
21. Bxc6 bxc6 22. f5 Bxb3 23. cxb3 Qb6 24. Kh1 d5 25. e5 fxe5 26. Rh3 Qd4 27.
Qh6 Qf4 28. Qxh7+ Kf8 29. Rg1 Qxf5 30. Rf3 Qe6 31. Rgf1 f5 32. Rxf5+ gxf5 33.
Rxf5+ Ke8 34. Qh8+ Ke7 35. Qg7+ Kd6 36. Rf6 d4 37. Rxe6+ Kxe6 38. Qg6+ Kd5 39.
h4 Rf8 1/2-1/2

[Event "DEM U12 2012"]
[Site "Oberhof GER"]
[Date "2012.05.31"]
[Round "8"]
[White "Ovsepyan, Arshak"]
[Black "Reuker, Jari"]
[Result "1-0"]
[Termination "normal"]
[Board "6"]
[WhiteElo "1951"]
[BlackElo "1771"]
[PlyCount "83"]
[WhiteFideId "24690236"]
[BlackFideId "12909300"]
[EventCountry "GER"]
[EventRounds "11"]
[EventType "swiss"]
[EventDate "2012.05.26"]

1. d4 Nf6 2. c4 e6 3. Nf3 d5 4. Nc3 Nbd7 5. e3 Bb4 6. Bd2 O-O 7. Bd3 c5 8. O-O
Re8 9. a3 Bxc3 10. Bxc3 dxc4 11. Bxc4 Nd5 12. e4 Nxc3 13. bxc3 Nb6 14. Bb3 Qc7
15. Qe2 Bd7 16. Rac1 Rac8 17. Qe3 Ba4 18. Ba2 Red8 19. Ng5 cxd4 20. cxd4 Qd7
21. Rxc8 Rxc8 22. d5 exd5 23. exd5 h6 24. Ne4 Nxd5 25. Qg3 Kh8 26. Nd6 Rc5 27.
Ne4 Rc2 28. Qb8+ Kh7 29. Bb1 g6 30. Bxc2 Bxc2 31. Qd6 Qf5 32. Ng3 Qd3 33. Qd7
Kg7 34. Qxb7 Qd2 35. Qxa7 Nf6 36. Qe3 Qd6 37. Rc1 Ba4 38. Ne4 Nxe4 39. Qxe4
Qxa3 40. Qe5+ f6 41. Rc7+ Kg8 42. Qe6+ 1-0

[Event "DEM U12 2012"]
[Site "Oberhof GER"]
[Date "2012.05.31"]
[Round "8"]
[White "Höglauer, Patrick"]
[Black "Urban, Konstantin"]
[Result "1-0"]
[Termination "normal"]
[Board "7"]
[WhiteElo "1847"]
[BlackElo "1766"]
[PlyCount "129"]
[WhiteFideId "1270548"]
[BlackFideId "12927511"]
[EventCountry "GER"]
[EventRounds "11"]
[EventType "swiss"]
[EventDate "2012.05.26"]

1. e4 c5 2. Nc3 Nc6 3. Bb5 Nd4 4. Bc4 e6 5. Nge2 Ne7 6. O-O Nec6 7. d3 a6 8. a4
Nxe2+ 9. Nxe2 Be7 10. f4 O-O 11. Nc3 b6 12. f5 Ne5 13. Ba2 Bf6 14. Kh1 Qe7 15.
Bf4 Bb7 16. Qe1 d6 17. Qe3 Rad8 18. Rae1 Rfe8 19. Qh3 Bc6 20. Bxe5 Bxe5 21. Re3
Bd7 22. Ref3 b5 23. axb5 axb5 24. Qh5 g6 25. Qh6 Bg7 26. Qxg7+ Kxg7 27. f6+
Qxf6 28. Rxf6 Re7 29. Bb3 Bc6 30. R6f2 d5 31. exd5 exd5 32. Rf6 Rc7 33. Ne2 Re8
34. R6f2 c4 35. Ba2 Rce7 36. Nd4 Bd7 37. b3 Ra8 38. c3 Bg4 39. bxc4 bxc4 40.
dxc4 dxc4 41. Bxc4 Rc8 42. Rxf7+ Rxf7 43. Rxf7+ Kh6 44. h3 Rxc4 45. hxg4 Rxc3
46. Nf3 Ra3 47. g5+ Kh5 48. Rxh7+ Kg4 49. Kh2 Ra5 50. Rf7 Ra8 51. Rf6 Rh8+ 52.
Kg1 Ra8 53. Rxg6 Kg3 54. Re6 Ra1+ 55. Ne1 Kf4 56. g6 Kf5 57. g7 Ra8 58. Re7 Kf6
59. Rb7 Re8 60. Nf3 Rc8 61. Nd2 Kg6 62. Ne4 Kh6 63. Nf6 Rc2 64. Ng8+ Kh7 65.
Nh6 1-0

[Event "DEM U12 2012"]
[Site "Oberhof GER"]
[Date "2012.05.31"]
[Round "8"]
[White "Fieberg, Samuel"]
[Black "Burg, Niclas"]
[Result "1-0"]
[Termination "normal"]
[Board "8"]
[WhiteElo "1872"]
[BlackElo "1614"]
[PlyCount "95"]
[WhiteFideId "12901717"]
[BlackFideId "1271968"]
[EventCountry "GER"]
[EventRounds "11"]
[EventType "swiss"]
[EventDate "2012.05.26"]

1. e4 c5 2. Nf3 Nc6 3. d4 cxd4 4. Nxd4 Nf6 5. Nc3 e5 6. Ndb5 d6 7. Bg5 a6 8.
Na3 b5 9. Nd5 Be7 10. Bxf6 Bxf6 11. c4 Nd4 12. cxb5 axb5 13. Bxb5+ Nxb5 14.
Nxb5 Qa5+ 15. Qd2 Qxd2+ 16. Kxd2 Bg5+ 17. f4 Bxf4+ 18. Nxf4 exf4 19. Nc7+ Ke7
20. Nxa8 Bb7 21. Nb6 Bxe4 22. Rhe1 f5 23. Nd5+ Kd7 24. Nxf4 Rb8 25. b3 Rb4 26.
Kc3 Rb5 27. a4 Rc5+ 28. Kb4 Rc8 29. Rac1 Rb8+ 30. Ka3 g5 31. Nh3 Bd5 32. b4 h6
33. g3 Bg2 34. Nf2 f4 35. gxf4 gxf4 36. b5 Rg8 37. Rc4 f3 38. Rd4 Rg6 39. Red1
Ke7 40. b6 Re6 41. b7 Re3+ 42. R1d3 Re2 43. b8=Q Rxf2 44. Re3+ Kf7 45. Rf4+ Kg7
46. Re7+ Kg6 47. Qg8+ Kh5 48. Qg4# 1-0

[Event "DEM U12 2012"]
[Site "Oberhof GER"]
[Date "2012.05.31"]
[Round "8"]
[White "Zienert, Richard"]
[Black "Schröder, Kevin"]
[Result "0-1"]
[Termination "normal"]
[Board "9"]
[WhiteElo "1649"]
[BlackElo "2036"]
[PlyCount "80"]
[WhiteFideId "12945986"]
[BlackFideId "12929840"]
[EventCountry "GER"]
[EventRounds "11"]
[EventType "swiss"]
[EventDate "2012.05.26"]

1. e4 c5 2. Nf3 d6 3. d4 cxd4 4. Nxd4 Nf6 5. Nc3 a6 6. Bg5 e6 7. f4 Nc6 8. Nxc6
bxc6 9. Qf3 Qb6 10. O-O-O Rb8 11. b3 d5 12. exd5 cxd5 13. Nb1 Be7 14. Bd3 Bb7
15. Qh3 d4 16. Rhe1 Nd5 17. Bxe7 Kxe7 18. f5 Ne3 19. Qh4+ f6 20. Rd2 e5 21. Qg3
Kf7 22. Rxe3 dxe3 23. Bc4+ Ke8 24. Rd7 g6 25. Rxh7 Rxh7 26. Qxg6+ Kd8 27. Qg8+
Kc7 28. Qxh7+ Kd6 29. Qf7 Qd8 30. Qe6+ Kc7 31. Qf7+ Kb6 32. Qe6+ Ka7 33. h4 Qb6
34. Qf7 e2 35. Kd2 Rd8+ 36. Kxe2 Qc6 37. Qe7 Qxg2+ 38. Ke1 Qg3+ 39. Kf1 Rd1+
40. Ke2 Qe1# 0-1

[Event "DEM U12 2012"]
[Site "Oberhof GER"]
[Date "2012.05.31"]
[Round "8"]
[White "Bergauz, Noam"]
[Black "Laubrock, Paul"]
[Result "1-0"]
[Termination "normal"]
[Board "10"]
[WhiteElo "1865"]
[BlackElo "1648"]
[PlyCount "45"]
[WhiteFideId "12938033"]
[BlackFideId "1270509"]
[EventCountry "GER"]
[EventRounds "11"]
[EventType "swiss"]
[EventDate "2012.05.26"]

1. e4 e6 2. d4 d5 3. Nd2 dxe4 4. Nxe4 Bd7 5. Nf3 Bc6 6. Bd3 Nd7 7. O-O Ngf6 8.
Nxf6+ Nxf6 9. c3 Be7 10. Ne5 Be4 11. Bxe4 Nxe4 12. Qg4 Nd6 13. Qxg7 Bf6 14. Qg3
Nf5 15. Qf3 Rg8 16. Qxb7 Bxe5 17. dxe5 Nh4 18. g3 Rb8 19. Qc6+ Kf8 20. Bh6+ Ke7
21. Rad1 Qc8 22. Be3 Kf8 23. Bc5+ 1-0

[Event "DEM U12 2012"]
[Site "Oberhof GER"]
[Date "2012.05.31"]
[Round "8"]
[White "Balazs, Balint"]
[Black "Hoppe, Andreas"]
[Result "1-0"]
[Termination "normal"]
[Board "11"]
[WhiteElo "1758"]
[BlackElo "1743"]
[PlyCount "29"]
[WhiteFideId "12922757"]
[BlackFideId "12922811"]
[EventCountry "GER"]
[EventRounds "11"]
[EventType "swiss"]
[EventDate "2012.05.26"]

1. e4 d5 2. exd5 Qxd5 3. Nc3 Qa5 4. d4 Nf6 5. Bd2 c6 6. Bc4 Qb6 7. Nf3 Bg4 8.
Bxf7+ Kxf7 9. Ne5+ Ke8 10. Nxg4 Qxd4 11. Nxf6+ exf6 12. O-O Nd7 13. Re1+ Kf7
14. Qe2 Qe5 15. Qc4+ 1-0

[Event "DEM U12 2012"]
[Site "Oberhof GER"]
[Date "2012.05.31"]
[Round "8"]
[White "Rätzke von Stoyentin, Steffen"]
[Black "Muckle, Julius"]
[Result "1/2-1/2"]
[Termination "normal"]
[Board "12"]
[WhiteElo "1741"]
[BlackElo "1541"]
[PlyCount "93"]
[WhiteFideId "12907502"]
[BlackFideId "12942430"]
[EventCountry "GER"]
[EventRounds "11"]
[EventType "swiss"]
[EventDate "2012.05.26"]

1. d4 d5 2. c4 c6 3. Nf3 Nf6 4. Nc3 e6 5. e3 Nbd7 6. Qc2 Be7 7. Bd3 dxc4 8.
Bxc4 b5 9. Bd3 Bb7 10. a3 a6 11. b4 a5 12. Rb1 O-O 13. O-O h6 14. Qb3 axb4 15.
axb4 Nb6 16. Bd2 Nfd5 17. Nxd5 Nxd5 18. Rfc1 Ra4 19. Ra1 Nxb4 20. Rxa4 bxa4 21.
Qb1 Nxd3 22. Qxd3 c5 23. Qa3 Bxf3 24. gxf3 cxd4 25. Qxa4 dxe3 26. Bxe3 Bg5 27.
f4 Bf6 28. Rd1 Qa8 29. Qxa8 Rxa8 30. Rd7 Rd8 31. Rb7 Bd4 32. Kg2 Bxe3 33. fxe3
Kf8 34. e4 Ke8 35. e5 Rd7 36. Rb8+ Ke7 37. Rg8 g6 38. Rh8 h5 39. Kg3 Rd3+ 40.
Kh4 Rf3 41. Kg5 Rf2 42. h3 Rf3 43. Ra8 h4 44. Kg4 Rf1 45. Ra4 Rg1+ 46. Kxh4 Kf8
47. Ra8+ 1/2-1/2

[Event "DEM U12 2012"]
[Site "Oberhof GER"]
[Date "2012.05.31"]
[Round "8"]
[White "Vuckovic, Zarko"]
[Black "Nguyen, Huy Dat"]
[Result "0-1"]
[Termination "normal"]
[Board "13"]
[WhiteElo "1458"]
[BlackElo "1764"]
[PlyCount "70"]
[WhiteFideId "12952087"]
[BlackFideId "12923486"]
[EventCountry "GER"]
[EventRounds "11"]
[EventType "swiss"]
[EventDate "2012.05.26"]

1. e4 c5 2. Nc3 Nc6 3. f4 g6 4. Nf3 Bg7 5. Bc4 e6 6. f5 Nge7 7. fxg6 hxg6 8.
O-O O-O 9. d3 d5 10. exd5 exd5 11. Bb5 a6 12. Bxc6 Nxc6 13. Qe1 Nd4 14. Qf2 Bg4
15. Nxd4 Bxd4 16. Be3 Bxe3 17. Qxe3 d4 18. Qf4 dxc3 19. Qxg4 cxb2 20. Rab1 Qb6
21. Qc4 Rae8 22. Rf2 Re7 23. Qc3 Rfe8 24. Rxb2 Re1+ 25. Rf1 Rxf1+ 26. Kxf1 Qc7
27. Kg1 Qe7 28. Rb1 Qe3+ 29. Kh1 Qf2 30. Rg1 Re2 31. Qa5 b6 32. Qxb6 Re1 33.
Qd8+ Kg7 34. Qf6+ Kxf6 35. Rxe1 Qxe1# 0-1

[Event "DEM U12 2012"]
[Site "Oberhof GER"]
[Date "2012.05.31"]
[Round "8"]
[White "Spitzl, Vinzent"]
[Black "Greßmann, Moritz"]
[Result "1/2-1/2"]
[Termination "normal"]
[Board "14"]
[WhiteElo "1725"]
[BlackElo "1821"]
[PlyCount "97"]
[WhiteFideId "12901253"]
[BlackFideId "24695084"]
[EventCountry "GER"]
[EventRounds "11"]
[EventType "swiss"]
[EventDate "2012.05.26"]

1. e4 e5 2. Nf3 Nc6 3. Bb5 a6 4. Ba4 Nf6 5. O-O Be7 6. Re1 b5 7. Bb3 d6 8. c3
O-O 9. h3 Na5 10. Bc2 c5 11. d4 Nd7 12. b3 exd4 13. cxd4 Nc6 14. Bb2 cxd4 15.
Nxd4 Nxd4 16. Bxd4 Bf6 17. Nc3 Bxd4 18. Qxd4 Ne5 19. f4 Nc6 20. Qd2 Bb7 21. Nd5
Rc8 22. Rad1 Qh4 23. Bb1 Rcd8 24. Qf2 Qxf2+ 25. Kxf2 Rfe8 26. Rd2 Ne7 27. Nxe7+
Rxe7 28. e5 d5 29. Red1 Rc8 30. Bf5 Rc5 31. Be4 Rd7 32. Bf3 g6 33. g4 Rdc7 34.
Ke2 Rd7 35. Kf2 Rc3 36. Rd3 b4 37. h4 a5 38. Rd4 Rc5 39. f5 Rc2+ 40. R1d2 Rxd2+
41. Rxd2 Rc7 42. Ke3 gxf5 43. gxf5 d4+ 44. Kf4 Bxf3 45. Kxf3 Rc3+ 46. Kf4 Rh3
47. Kg4 Re3 48. Rxd4 Rxe5 49. Rd2 1/2-1/2

[Event "DEM U12 2012"]
[Site "Oberhof GER"]
[Date "2012.05.31"]
[Round "8"]
[White "Poghosyan, Tigran"]
[Black "Schirra, Maurice"]
[Result "1-0"]
[Termination "normal"]
[Board "15"]
[WhiteElo "1860"]
[BlackElo "1617"]
[PlyCount "61"]
[WhiteFideId "12909319"]
[BlackFideId "12941115"]
[EventCountry "GER"]
[EventRounds "11"]
[EventType "swiss"]
[EventDate "2012.05.26"]

1. e4 e5 2. Nf3 Nf6 3. Nxe5 d6 4. Nf3 Nxe4 5. Nc3 Nf6 6. d4 d5 7. Bg5 c6 8. Bd3
Bd6 9. Qd2 Be6 10. O-O-O O-O 11. h4 Nbd7 12. Bf4 Qc7 13. Bxd6 Qxd6 14. Rde1 b5
15. Ne5 a5 16. f4 Bg4 17. h5 a4 18. Rh4 b4 19. Nb1 Bxh5 20. g4 Bg6 21. f5 c5
22. fxg6 fxg6 23. Qh2 c4 24. Bxg6 b3 25. a3 bxc2 26. Bxc2 Qe7 27. Bxh7+ Nxh7
28. Rxh7 Nxe5 29. Rh8+ Kf7 30. Qh5+ Ke6 31. Qxe5+ 1-0

[Event "DEM U12 2012"]
[Site "Oberhof GER"]
[Date "2012.05.31"]
[Round "8"]
[White "Buckels, Valentin"]
[Black "Savchenko, Daniel"]
[Result "0-1"]
[Termination "normal"]
[Board "16"]
[WhiteElo "1805"]
[BlackElo "1628"]
[PlyCount "32"]
[WhiteFideId "12942766"]
[BlackFideId "12919195"]
[EventCountry "GER"]
[EventRounds "11"]
[EventType "swiss"]
[EventDate "2012.05.26"]

1. d4 d5 2. c4 e6 3. Nf3 c5 4. cxd5 exd5 5. g3 Nc6 6. Bg2 c4 7. O-O Bb4 8. Nc3
Nge7 9. e4 O-O 10. exd5 Nxd5 11. Nxd5 Qxd5 12. Be3 Qb5 13. Qc2 Bf5 14. a4 Qd5
15. Ng5 Qxg2+ 16. Kxg2 Bxc2 0-1

[Event "DEM U12 2012"]
[Site "Oberhof GER"]
[Date "2012.05.31"]
[Round "8"]
[White "Kololli, Kevin"]
[Black "Diener, Carolin Valeria"]
[Result "1-0"]
[Termination "normal"]
[Board "17"]
[WhiteElo "1767"]
[BlackElo "1745"]
[PlyCount "47"]
[WhiteFideId "12936863"]
[BlackFideId "24699063"]
[EventCountry "GER"]
[EventRounds "11"]
[EventType "swiss"]
[EventDate "2012.05.26"]

1. e4 e5 2. Nf3 Nc6 3. Bc4 Nf6 4. d4 exd4 5. O-O Nxe4 6. Re1 d5 7. Bxd5 Qxd5 8.
Nc3 Qh5 9. Nxe4 Be6 10. Bg5 h6 11. Bf6 Qg6 12. Nh4 Qg4 13. f3 Qh5 14. Qd3 Rg8
15. Ng3 Qc5 16. Qh7 gxf6 17. Ne4 Rxg2+ 18. Kxg2 Qxc2+ 19. Kh1 d3 20. Nxf6+ Ke7
21. Ng8+ Ke8 22. Rxe6+ Kd8 23. Qxf7 Be7 24. Rxe7 1-0

[Event "DEM U12 2012"]
[Site "Oberhof GER"]
[Date "2012.05.31"]
[Round "8"]
[White "Gauchel, Lorenz"]
[Black "Nothnagel, Marian Can"]
[Result "1/2-1/2"]
[Termination "normal"]
[Board "18"]
[WhiteElo "1620"]
[BlackElo "1723"]
[PlyCount "52"]
[WhiteFideId "12905283"]
[BlackFideId "12921530"]
[EventCountry "GER"]
[EventRounds "11"]
[EventType "swiss"]
[EventDate "2012.05.26"]

1. d4 Nf6 2. Nf3 e6 3. c4 d5 4. cxd5 exd5 5. Nc3 c6 6. Bg5 h6 7. Bh4 Bf5 8. e3
Bd6 9. Bd3 Bxd3 10. Qxd3 Nbd7 11. O-O O-O 12. Rfc1 Re8 13. Rab1 a5 14. a3 Qe7
15. Bg3 Bxg3 16. hxg3 Qd6 17. b4 b5 18. Rb3 axb4 19. axb4 Nb6 20. Qc2 Nc4 21.
Nd2 Ra7 22. Nxc4 dxc4 23. Rb2 Rea8 24. Ne4 Nxe4 25. Qxe4 Re7 26. Qf5 Qd5
1/2-1/2

[Event "DEM U12 2012"]
[Site "Oberhof GER"]
[Date "2012.05.31"]
[Round "8"]
[White "Kreyssig, Bruno"]
[Black "Kololli, Martin"]
[Result "0-1"]
[Termination "normal"]
[Board "19"]
[WhiteElo "1741"]
[BlackElo "1739"]
[PlyCount "50"]
[WhiteFideId "4692489"]
[BlackFideId "12936910"]
[EventCountry "GER"]
[EventRounds "11"]
[EventType "swiss"]
[EventDate "2012.05.26"]

1. e4 e5 2. f4 d6 3. Bc4 Nc6 4. Nf3 Be7 5. O-O Nf6 6. d3 O-O 7. fxe5 dxe5 8.
Nc3 Na5 9. Kh1 Nxc4 10. dxc4 Qxd1 11. Rxd1 Bb4 12. Nd5 Nxe4 13. Be3 Bd6 14. c5
c6 15. cxd6 cxd5 16. Rxd5 Be6 17. Rdd1 f6 18. Nd2 Nxd6 19. Bc5 Rfd8 20. Nb3 Nc4
21. Rxd8+ Rxd8 22. Re1 Nxb2 23. Bxa7 Ra8 24. Bd4 Bxb3 25. Bxb2 Rxa2 0-1

[Event "DEM U12 2012"]
[Site "Oberhof GER"]
[Date "2012.05.31"]
[Round "8"]
[White "Sanati, Charlotte"]
[Black "Schnabel, Bennett"]
[Result "0-1"]
[Termination "normal"]
[Board "20"]
[WhiteElo "1644"]
[BlackElo "1693"]
[PlyCount "62"]
[WhiteFideId "12907707"]
[BlackFideId "12943290"]
[EventCountry "GER"]
[EventRounds "11"]
[EventType "swiss"]
[EventDate "2012.05.26"]

1. e4 c5 2. Nc3 Nc6 3. g3 g6 4. Bg2 Bg7 5. d3 e6 6. f4 Nge7 7. Be3 d6 8. Nf3
O-O 9. O-O Rb8 10. Rb1 b5 11. Qd2 a5 12. Ne2 a4 13. d4 cxd4 14. Nexd4 b4 15.
Nxc6 Nxc6 16. Rfd1 d5 17. exd5 exd5 18. Ne5 Nxe5 19. fxe5 Bxe5 20. Bxd5 Bf5 21.
Qf2 Qc7 22. Bh6 Rfd8 23. Rd2 b3 24. axb3 axb3 25. Rc1 Bxb2 26. Qe3 Bxc1 27. Qd4
Qb6 28. Qxb6 Rxb6 29. Bxf7+ Kxf7 30. Rxd8 Bxh6 31. cxb3 Rxb3 0-1

[Event "DEM U12 2012"]
[Site "Oberhof GER"]
[Date "2012.05.31"]
[Round "8"]
[White "Müller, Elias"]
[Black "Piskaykin, Bogdan"]
[Result "1/2-1/2"]
[Termination "normal"]
[Board "21"]
[WhiteElo "1703"]
[BlackElo "1560"]
[PlyCount "91"]
[WhiteFideId "12917133"]
[BlackFideId "12941212"]
[EventCountry "GER"]
[EventRounds "11"]
[EventType "swiss"]
[EventDate "2012.05.26"]

1. e4 c5 2. b3 Nc6 3. f4 e6 4. Nf3 d5 5. exd5 exd5 6. Bb5 Nf6 7. Bb2 Be7 8. Ne5
Qc7 9. Bxc6+ bxc6 10. O-O O-O 11. d3 Bd6 12. Nd2 Re8 13. Re1 Nd7 14. Nxd7 Bxd7
15. g3 f6 16. Qh5 Qc8 17. Kg2 Bf5 18. Kf2 Bg6 19. Rxe8+ Qxe8 20. Qh3 Qc8 21.
Qxc8+ Rxc8 22. Re1 Re8 23. Rxe8+ Bxe8 24. Ba3 Bg6 25. Nf3 Kf8 26. Nh4 Ke7 27.
Nxg6+ hxg6 28. h3 c4 29. Bxd6+ Kxd6 30. d4 cxb3 31. cxb3 c5 32. dxc5+ Kxc5 33.
Ke3 Kb4 34. Kd4 Ka3 35. Kxd5 a5 36. g4 Kxa2 37. Kc4 Kb2 38. b4 axb4 39. Kxb4
Kc2 40. Kc4 Kd2 41. Kd5 Ke3 42. f5 gxf5 43. gxf5 Kf4 44. Ke6 Kg5 45. Kf7 Kxf5
46. Kxg7 1/2-1/2

[Event "DEM U12 2012"]
[Site "Oberhof GER"]
[Date "2012.05.31"]
[Round "8"]
[White "Sieber, Fiona"]
[Black "Wiesner, Alexander"]
[Result "1-0"]
[Termination "normal"]
[Board "22"]
[WhiteElo "1771"]
[BlackElo "1474"]
[PlyCount "41"]
[WhiteFideId "12902373"]
[BlackFideId "12943991"]
[EventCountry "GER"]
[EventRounds "11"]
[EventType "swiss"]
[EventDate "2012.05.26"]

1. e4 e6 2. d4 d5 3. Nc3 Bb4 4. e5 Ne7 5. a3 Bxc3+ 6. bxc3 b6 7. Qg4 O-O 8. Bd3
Ba6 9. Bh6 Ng6 10. Bxg6 hxg6 11. Bd2 Qe8 12. a4 Bc4 13. Nf3 Nd7 14. h4 f6 15.
h5 gxh5 16. Rxh5 Kf7 17. Rh7 Rg8 18. Bh6 Qf8 19. Nh4 fxe5 20. Qh5+ Kf6 21. Bg5#
1-0

[Event "DEM U12 2012"]
[Site "Oberhof GER"]
[Date "2012.05.31"]
[Round "8"]
[White "Moses, Selina"]
[Black "Hartmann, Martin"]
[Result "1-0"]
[Termination "normal"]
[Board "23"]
[WhiteElo "1677"]
[BlackElo "1728"]
[PlyCount "107"]
[WhiteFideId "12908070"]
[BlackFideId "12911925"]
[EventCountry "GER"]
[EventRounds "11"]
[EventType "swiss"]
[EventDate "2012.05.26"]

1. e4 d5 2. exd5 Qxd5 3. Nc3 Qa5 4. d4 Nf6 5. Nf3 c6 6. Bc4 Bf5 7. Bd2 e6 8.
Qe2 Bb4 9. a3 Bxc3 10. Bxc3 Qc7 11. O-O-O Nbd7 12. Ne5 Nb6 13. Bb3 Nbd5 14. Bd2
O-O-O 15. g4 Bg6 16. h4 h6 17. Nxg6 fxg6 18. Qxe6+ Qd7 19. Qxd7+ Rxd7 20. f3
Re8 21. Rhe1 Rde7 22. Rxe7 Rxe7 23. Re1 Rxe1+ 24. Bxe1 Nf4 25. Kd2 Kd7 26. Bg3
N4d5 27. Bxd5 Nxd5 28. Be5 Nf6 29. g5 Ne8 30. Kd3 Ke6 31. Ke4 b5 32. b3 a6 33.
c4 Nd6+ 34. Bxd6 Kxd6 35. c5+ Ke6 36. b4 h5 37. f4 Kd7 38. Ke5 Ke7 39. d5 cxd5
40. Kxd5 Kd7 41. c6+ Kc8 42. Ke6 Kc7 43. Kf7 Kxc6 44. Kxg7 Kd5 45. Kxg6 Kc4 46.
f5 Kb3 47. f6 Kxa3 48. f7 Kxb4 49. f8=Q+ Ka4 50. Kxh5 b4 51. Qxb4+ Kxb4 52. g6
a5 53. g7 a4 54. g8=Q 1-0

[Event "DEM U12 2012"]
[Site "Oberhof GER"]
[Date "2012.05.31"]
[Round "8"]
[White "Rogozenco, Teodora"]
[Black "Köhler, Inken"]
[Result "1-0"]
[Termination "normal"]
[Board "24"]
[WhiteElo "1651"]
[BlackElo "1459"]
[PlyCount "95"]
[WhiteFideId "12938084"]
[BlackFideId "12929301"]
[EventCountry "GER"]
[EventRounds "11"]
[EventType "swiss"]
[EventDate "2012.05.26"]

1. d4 d5 2. Nf3 c5 3. c4 cxd4 4. cxd5 Nf6 5. Qxd4 Qxd5 6. Nc3 Qxd4 7. Nxd4 e5
8. Ndb5 Na6 9. Bg5 Bb4 10. Bxf6 gxf6 11. O-O-O Bd7 12. e4 Bxc3 13. Nxc3 Nc5 14.
Kb1 Rd8 15. f3 O-O 16. Bc4 Ne6 17. Rd6 Kg7 18. Rhd1 Nd4 19. Ne2 Be6 20. Nxd4
Rxd6 21. Nxe6+ Rxe6 22. Bxe6 fxe6 23. Rd6 Re8 24. Rd7+ Kf8 25. Rxh7 Re7 26.
Rxe7 Kxe7 27. g4 Kf7 28. h4 Kg6 29. Kc2 f5 30. g5 b6 31. a4 a5 32. Kc3 Kh5 33.
Kc4 f4 34. Kb5 Kxh4 35. g6 Kg3 36. g7 Kxf3 37. g8=Q Kxe4 38. Qxe6 f3 39. Qf6
Kd3 40. Qxf3+ Kc2 41. Qc3+ Kd1 42. Qxe5 Kc1 43. Qe2 Kb1 44. b4 axb4 45. Kxb4 b5
46. axb5 Ka1 47. Kb3 Kb1 48. Qb2# 1-0

[Event "DEM U12 2012"]
[Site "Oberhof GER"]
[Date "2012.05.31"]
[Round "8"]
[White "Ott, Josef Sebastian"]
[Black "Krüger, David"]
[Result "1/2-1/2"]
[Termination "normal"]
[Board "25"]
[WhiteElo "1478"]
[BlackElo "1762"]
[PlyCount "92"]
[WhiteFideId "12952079"]
[BlackFideId "12921858"]
[EventCountry "GER"]
[EventRounds "11"]
[EventType "swiss"]
[EventDate "2012.05.26"]

1. e4 e5 2. Nf3 Nc6 3. Bc4 Nf6 4. d3 Bc5 5. c3 a6 6. O-O Ba7 7. Bb3 d6 8. Nbd2
O-O 9. h3 Be6 10. Re1 Qd7 11. Nf1 Rae8 12. Be3 Bxb3 13. axb3 Kh8 14. Ng3 g6 15.
Bxa7 Nxa7 16. Qd2 Nc6 17. Qh6 Ng8 18. Qh4 f6 19. Qg4 Qf7 20. b4 Nd8 21. Nh4 Ne6
22. Qd1 Ng7 23. Nf3 Ne7 24. d4 h6 25. d5 f5 26. c4 f4 27. Nf1 g5 28. N3h2 Qg6
29. c5 h5 30. Nd2 Ra8 31. Qe2 Ne8 32. b5 Nf6 33. c6 b6 34. Rxa6 g4 35. h4 g3
36. Nhf3 gxf2+ 37. Qxf2 Ng4 38. Qe2 Ng8 39. Ng5 Rac8 40. Ndf3 N8f6 41. Ne6 Rfe8
42. Nfg5 Re7 43. Rea1 Qe8 44. b3 Nh7 45. Nxh7 Kxh7 46. Qa2 Nf6 1/2-1/2